00599pab a2200193 454500008004000000100002000040245005900060260000900119300001300128362001200141650004700153650002200200700002000222700001400242773001600256909001000272999001700282952010600299180718b1997 xxu||||| |||| 00| 0 eng d aSubbarayudu, C. aJanmabhoomi: Andhra's leap towards grass root planning c1997 ap.107-10 aMar-Apr aRural development - India - Andhra Pradesh aRural development aNarassiah, P.V. aMohan, B. aKurukshetra a34111 c34111d34111 00104070aIIPAbIIPAd2018-07-19hVolume no: 45, Issue no: 6-7pAR34340r2018-07-19w2018-07-19yAR